000 00763cab a2200241 4500
001 X95940
008 090401t1998 xxu||||| |||| 00| 0 eng d
035 _a(Sirsi) u90573
041 _aeng
245 _aNational Grid Co plc v M25 Group Ltd
260 _c1998
350 _a0
490 _aNew Property Cases
_v[1998] NPC 172
520 _aCA. Rent review by expert. Court`s right to give declarations as to the limits of his powers. Headnote from journal - No photocopying allowed.
650 _aEXPERTS
650 _aINTERVENTION
650 _aNATIONAL GRID CO PLC V M25 GROUP LTD
650 _aRENT REVIEW CLAUSES
650 _aValuation
_96273
690 _aLANDLORD AND TENANT-CASE LAW-BUSINESS TENANCIES
942 _n0
948 _c07/01/1999
999 _c57436
_d57436